[Event "Titled Tuesday intern op 12th May"]
[Site "Chess.com INT"]
[Date "2020.05.12"]
[Round "4"]
[White "Zhong, Xiao Kang"]
[Black "Eggleston, Thomas"]
[Result "1-0"]
[WhiteElo "2407"]
[BlackElo "2178"]
[PlyCount "63"]
[EventDate "2020.05.12"]
[EventType "swiss (blitz)"]
[EventRounds "10"]
[EventCountry "USA"]
[SourceTitle "EXT 2021"]
[Source "ChessBase"]
[SourceDate "2020.10.23"]
[SourceVersion "1"]
[SourceVersionDate "2020.10.23"]
[SourceQuality "1"]

1. e4 e6 2. d4 d5 3. Nd2 c5 4. exd5 exd5 5. Ngf3 Nf6 6. Bb5+ Bd7 7. Bxd7+ Nbxd7 8. 0-0 Be7 9. dxc5 Nxc5 10. Nb3 Nxb3 11. axb3 0-0 12. Be3 a6 13. Bd4 Ne4 14. c3 Bd6 15. b4 Bc7 16. Re1 Re8 17. Qd3 Qd6 18. g3 Rad8 19. Re3 f5 20. Rae1 f4 21. R3e2 Qh6 22. Nd2 fxg3 23. hxg3 Nd6 24. Be5 Rxe5 25. Rxe5 Ne4 26. Rxd5 Qxd2 27. Qxd2 Nxd2 28. Rxd8+ Bxd8 29. Re8+ Kf7 30. Rxd8 Nc4 31. b3 Kf6 32. bxc4 1-0

[Event "Titled Tuesday intern op 5th May"]
[Site "Chess.com INT"]
[Date "2020.05.05"]
[Round "2"]
[White "Gascon del Nogal, Jose Rafael"]
[Black "Zhong, Xiao Kang"]
[Result "1-0"]
[WhiteElo "2425"]
[BlackElo "2296"]
[PlyCount "111"]
[EventDate "2020.05.05"]
[EventType "swiss (blitz)"]
[EventRounds "10"]
[EventCountry "USA"]
[SourceTitle "EXT 2021"]
[Source "ChessBase"]
[SourceDate "2020.10.23"]
[SourceVersion "1"]
[SourceVersionDate "2020.10.23"]
[SourceQuality "1"]

1. Nf3 Nf6 2. g3 d5 3. Bg2 Bf5 4. 0-0 h6 5. c4 e6 6. Qb3 Qc8 7. Nc3 c6 8. d4 Be7 9. Bf4 0-0 10. Rac1 Nbd7 11. cxd5 exd5 12. Ne5 Nb6 13. Rfe1 Rd8 14. a4 Bd6 15. a5 Nc4 16. Nxc4 dxc4 17. Qxc4 Bxf4 18. gxf4 Be6 19. Qd3 Qc7 20. a6 bxa6 21. e3 Qb6 22. Na4 Qb4 23. Nc5 Qxb2 24. Rb1 Qa2 25. Rec1 Nd5 26. Ra1 Nxf4 27. exf4 Qb2 28. Nxe6 fxe6 29. Qg6 Qxd4 30. Qxe6+ Kh8 31. Rxa6 Qd2 32. Qe3 Rab8 33. Qxd2 Rxd2 34. Raxc6 Rbb2 35. Be4 g5 36. fxg5 hxg5 37. R6c2 Rbxc2 38. Rxc2 Rd1+ 39. Kg2 a5 40. Ra2 Rd4 41. Bc2 Rd5 42. Kg3 Rc5 43. Kg4 Kg7 44. Bf5 Kf6 45. Be4 Rc4 46. f3 Rc5 47. Rc2 Rb5 48. Rc6+ Kg7 49. Ra6 Rc5 50. Bf5 Rc4+ 51. Kxg5 a4 52. f4 Rb4 53. h4 Kf7 54. h5 Kg7 55. h6+ Kh8 56. Ra8+ 1-0

[Event "Titled Tuesday intern op 28th Apr"]
[Site "Chess.com INT"]
[Date "2020.04.28"]
[Round "2"]
[White "Mullick, Raahil"]
[Black "Zhong, Xiao Kang"]
[Result "1-0"]
[WhiteElo "2386"]
[BlackElo "2368"]
[PlyCount "67"]
[EventDate "2020.04.28"]
[EventType "swiss (blitz)"]
[EventRounds "10"]
[EventCountry "USA"]
[SourceTitle "EXT 2021"]
[Source "ChessBase"]
[SourceDate "2020.10.23"]
[SourceVersion "1"]
[SourceVersionDate "2020.10.23"]
[SourceQuality "1"]

1. e4 c6 2. d4 d5 3. e5 c5 4. dxc5 Nc6 5. Nf3 Bg4 6. Bb5 e6 7. c3 Nge7 8. Be3 Nf5 9. Bxc6+ bxc6 10. Qa4 Bxf3 11. Qxc6+ Ke7 12. Qb7+ Ke8 13. Qc6+ Ke7 14. gxf3 Rc8 15. Qa6 Nxe3 16. Qd6+ Qxd6 17. cxd6+ Kd7 18. fxe3 f6 19. f4 fxe5 20. fxe5 g6 21. Rf1 Bh6 22. Rf7+ Kd8 23. Ke2 Rb8 24. b3 Rc8 25. Rxa7 Bg5 26. a4 Rf8 27. Rxh7 Rf5 28. a5 Rxe5 29. a6 Rxe3+ 30. Kf2 Re5 31. Rh8+ Kd7 32. Rxc8 Kxc8 33. a7 Rf5+ 34. Kg2 1-0

[Event "Titled Tuesday intern op 28th Apr"]
[Site "Chess.com INT"]
[Date "2020.04.28"]
[Round "4"]
[White "Zhong, Xiao Kang"]
[Black "Lapertosa Viana, Julio"]
[Result "1-0"]
[WhiteElo "2360"]
[BlackElo "2012"]
[PlyCount "55"]
[EventDate "2020.04.28"]
[EventType "swiss (blitz)"]
[EventRounds "10"]
[EventCountry "USA"]
[SourceTitle "EXT 2021"]
[Source "ChessBase"]
[SourceDate "2020.10.23"]
[SourceVersion "1"]
[SourceVersionDate "2020.10.23"]
[SourceQuality "1"]

1. e4 e5 2. Nf3 Nf6 3. Nxe5 d6 4. Nf3 Nxe4 5. Nc3 Nxc3 6. dxc3 Be7 7. Bd3 Nd7 8. Be3 Nc5 9. Bxc5 dxc5 10. 0-0 Bg4 11. h3 Bh5 12. Qe2 0-0 13. Rfe1 Bd6 14. Qe4 Bg6 15. Qxb7 Rb8 16. Qxa7 Rxb2 17. Qa3 Rb8 18. Qc1 Ra8 19. c4 Qd7 20. Qe3 Ra3 21. Ne5 Bxe5 22. Qxe5 Bxd3 23. cxd3 Rxd3 24. Qxc5 Rd2 25. Re7 Qa4 26. Rxc7 Rxa2 27. Rxa2 Qxa2 28. Rc8 1-0

[Event "Titled Tuesday intern op 21st April"]
[Site "Chess.com INT"]
[Date "2020.04.21"]
[Round "3"]
[White "Beukes, Dante M"]
[Black "Zhong, Xiao Kang"]
[Result "1-0"]
[WhiteElo "2206"]
[BlackElo "2364"]
[PlyCount "109"]
[EventDate "2020.04.21"]
[EventType "swiss (blitz)"]
[EventRounds "10"]
[EventCountry "USA"]
[SourceTitle "EXT 2021"]
[Source "ChessBase"]
[SourceDate "2020.10.23"]
[SourceVersion "1"]
[SourceVersionDate "2020.10.23"]
[SourceQuality "1"]

1. e4 c6 2. d4 d5 3. Nc3 dxe4 4. Nxe4 Nf6 5. Nxf6+ exf6 6. c3 Bd6 7. Bd3 0-0 8. Qc2 Re8+ 9. Ne2 h5 10. 0-0 Nd7 11. Bf4 Rxe2 12. Qxe2 Bxf4 13. Qe4 Bc7 14. Qh7+ Kf8 15. Rfe1 Ne5 16. dxe5 Bxe5 17. f4 g6 18. Qh8+ Ke7 19. Qxd8+ Kxd8 20. fxe5 fxe5 21. Rxe5 Be6 22. Bxg6 Ke7 23. Bxf7 Kf6 24. Rxe6+ Kxf7 25. Rh6 Rd8 26. Rf1+ Kg7 27. Rxh5 Rd2 28. Rhf5 Rxb2 29. R5f2 Rb5 30. h4 Kg6 31. Kh2 a5 32. Kh3 a4 33. Rf6+ Kg7 34. Rf7+ Kg8 35. R7f5 Rb2 36. R1f2 Rb1 37. Rg5+ Kh7 38. Rf7+ Kh6 39. Kg4 c5 40. Rxc5 a3 41. Rcf5 Rb6 42. R5f6+ Rxf6 43. Rxf6+ Kg7 44. Rb6 Kh7 45. Rxb7+ Kh6 46. Rb3 Kg6 47. Rxa3 Kh7 48. Ra5 Kg7 49. Rg5+ Kh7 50. c4 Kh6 51. c5 Kh7 52. c6 Kh6 53. c7 Kh7 54. c8Q Kh6 55. a4 1-0

[Event "Titled Tuesday intern op 21st April"]
[Site "Chess.com INT"]
[Date "2020.04.21"]
[Round "6"]
[White "Zhong, Xiao Kang"]
[Black "Gordon, David"]
[Result "1-0"]
[WhiteElo "2361"]
[BlackElo "2116"]
[PlyCount "101"]
[EventDate "2020.04.21"]
[EventType "swiss (blitz)"]
[EventRounds "10"]
[EventCountry "USA"]
[SourceTitle "EXT 2021"]
[Source "ChessBase"]
[SourceDate "2020.10.23"]
[SourceVersion "1"]
[SourceVersionDate "2020.10.23"]
[SourceQuality "1"]

1. e4 c5 2. c3 Nf6 3. e5 Nd5 4. d4 cxd4 5. cxd4 d6 6. Nf3 dxe5 7. Nxe5 e6 8. Bb5+ Nd7 9. 0-0 Bd6 10. Qg4 Qf6 11. Nxd7 Bxd7 12. Bxd7+ Kxd7 13. Nc3 Nxc3 14. bxc3 Rhc8 15. Bd2 Ke8 16. Qe4 Rab8 17. Qxh7 g6 18. Qh6 Kd7 19. h3 b5 20. Rfc1 Rc4 21. Qe3 Rbc8 22. Rcb1 a6 23. a4 Rxa4 24. Rxa4 bxa4 25. Rb7+ Rc7 26. Qe4 Qf5 27. Rxc7+ Kxc7 28. Qxf5 exf5 29. c4 a3 30. Bc3 a2 31. c5 Be7 32. Kf1 Kc6 33. Ke2 Kd5 34. Kd3 Bf6 35. Ba1 a5 36. f3 a4 37. f4 Bd8 38. Bb2 Ba5 39. Ba1 Bb4 40. g4 Ba3 41. gxf5 gxf5 42. h4 Bc1 43. h5 a3 44. h6 Bb2 45. h7 Bxa1 46. h8Q Bb2 47. Qd8+ Kc6 48. Qd6+ Kb5 49. Qb6+ Ka4 50. Qa6+ Kb3 51. Qc4# 1-0

[Event "Titled Tuesday intern op 21st April"]
[Site "Chess.com INT"]
[Date "2020.04.21"]
[Round "7"]
[White "Zhong, Xiao Kang"]
[Black "Silva, Kaua Marques"]
[Result "1-0"]
[WhiteElo "2366"]
[BlackElo "2121"]
[PlyCount "83"]
[EventDate "2020.04.21"]
[EventType "swiss (blitz)"]
[EventRounds "10"]
[EventCountry "USA"]
[SourceTitle "EXT 2021"]
[Source "ChessBase"]
[SourceDate "2020.10.23"]
[SourceVersion "1"]
[SourceVersionDate "2020.10.23"]
[SourceQuality "1"]

1. e4 c5 2. c3 Nc6 3. d4 cxd4 4. cxd4 d5 5. e5 Bf5 6. Nc3 e6 7. Bd3 Bxd3 8. Qxd3 Nge7 9. Nf3 Ng6 10. 0-0 Be7 11. g3 a6 12. Be3 b5 13. Rac1 Rc8 14. a3 Na5 15. Ne2 Nc4 16. b4 Qb6 17. Kg2 0-0 18. h4 Rfd8 19. h5 Nf8 20. g4 a5 21. g5 axb4 22. axb4 Bxb4 23. Nf4 Be7 24. g6 b4 25. gxh7+ Nxh7 26. h6 g5 27. Nh5 Kh8 28. Kh2 Rg8 29. Ng7 b3 30. Rg1 b2 31. Rb1 Qd8 32. Nd2 Nxd2 33. Qxd2 Rxg7 34. hxg7+ Kxg7 35. Rxb2 Qh8 36. Kg2 Nf8 37. Rh1 Qg8 38. Bxg5 Ng6 39. Bh6+ Kh8 40. Bg5+ Kg7 41. Bxe7 Nxe7 42. Qh6# 1-0

[Event "Titled Tuesday intern op 7th April"]
[Site "Chess.com INT"]
[Date "2020.04.07"]
[Round "7"]
[White "Aditya, Mittal"]
[Black "Zhong, Xiao Kang"]
[Result "1/2-1/2"]
[WhiteElo "2438"]
[BlackElo "2430"]
[PlyCount "41"]
[EventDate "2020.04.07"]
[EventType "swiss (blitz)"]
[EventRounds "10"]
[EventCountry "USA"]
[SourceTitle "EXT 2021"]
[Source "ChessBase"]
[SourceDate "2020.10.23"]
[SourceVersion "1"]
[SourceVersionDate "2020.10.23"]
[SourceQuality "1"]

1. d4 Nf6 2. c4 g6 3. Nc3 d5 4. cxd5 Nxd5 5. e4 Nxc3 6. bxc3 Bg7 7. Nf3 0-0 8. Be3 c5 9. Rc1 Nc6 10. d5 Ne5 11. Nxe5 Bxe5 12. Bxc5 Qc7 13. Bd4 Bf4 14. Rc2 Bd7 15. g3 Bd6 16. f4 Ba4 17. Bd3 Bc5 18. Be5 Bd6 19. Bd4 Bc5 20. Be5 Bd6 21. Bd4 1/2-1/2

[Event "Titled Tuesday intern op 7th April"]
[Site "Chess.com INT"]
[Date "2020.04.07"]
[Round "9"]
[White "Sapale, Saloni"]
[Black "Zhong, Xiao Kang"]
[Result "0-1"]
[WhiteElo "2147"]
[BlackElo "2429"]
[PlyCount "124"]
[EventDate "2020.04.07"]
[EventType "swiss (blitz)"]
[EventRounds "10"]
[EventCountry "USA"]
[SourceTitle "EXT 2021"]
[Source "ChessBase"]
[SourceDate "2020.10.23"]
[SourceVersion "1"]
[SourceVersionDate "2020.10.23"]
[SourceQuality "1"]

1. e4 c6 2. d4 d5 3. e5 c5 4. dxc5 Nc6 5. Nf3 a6 6. h3 e6 7. Be3 Nge7 8. c3 Nf5 9. Bd4 Nfxd4 10. cxd4 b6 11. cxb6 Qxb6 12. Qd2 Rb8 13. b3 Bd7 14. Be2 Bb4 15. Nc3 Qa5 16. Rc1 0-0 17. 0-0 Rfc8 18. Qd3 Nxd4 19. Nxd4 Bxc3 20. Qxa6 Qxa6 21. Bxa6 Bxd4 22. Bxc8 Bxc8 23. Rc6 Bxe5 24. Rfc1 Bb7 25. Rb6 Kf8 26. a4 Ke7 27. a5 Kd7 28. a6 Ba8 29. Rxb8 Bxb8 30. b4 Bc6 31. Rc5 Ba7 32. Ra5 Kc7 33. b5 Bd7 34. Ra3 Kb6 35. Rf3 f6 36. Rg3 g6 37. Rf3 f5 38. Rc3 e5 39. g3 d4 40. Rc2 d3 41. Rc3 e4 42. Kf1 Bxb5 43. Ke1 Bxa6 44. Kd2 Kb7 45. Rb3+ Bb6 46. g4 Kc6 47. gxf5 gxf5 48. Ke1 Ba5+ 49. Kd1 Bc4 50. Ra3 Bb4 51. Ra8 Kc5 52. Rc8+ Kd4 53. Rd8+ Kc3 54. f4 Bb3+ 55. Kc1 Ba3+ 56. Kb1 Bc2+ 57. Ka1 Bb2+ 58. Ka2 Bc1 59. Rc8+ Kd2 60. h4 Ke1 61. h5 d2 62. Rxc2 d1Q 0-1

[Event "Titled Tuesday intern op 7th April"]
[Site "Chess.com INT"]
[Date "2020.04.07"]
[Round "5"]
[White "Zhong, Xiao Kang"]
[Black "Khachatryan, Anna"]
[Result "1-0"]
[WhiteElo "2423"]
[BlackElo "2071"]
[PlyCount "73"]
[EventDate "2020.04.07"]
[EventType "swiss (blitz)"]
[EventRounds "10"]
[EventCountry "USA"]
[SourceTitle "EXT 2021"]
[Source "ChessBase"]
[SourceDate "2020.10.23"]
[SourceVersion "1"]
[SourceVersionDate "2020.10.23"]
[SourceQuality "1"]

1. e4 c5 2. c3 e6 3. d4 d5 4. exd5 exd5 5. Nf3 Nc6 6. Be3 c4 7. g3 Bd6 8. Bg2 Nge7 9. 0-0 0-0 10. b3 cxb3 11. axb3 Bf5 12. b4 a6 13. Nbd2 Qd7 14. Nb3 Bh3 15. Nc5 Bxc5 16. bxc5 Bxg2 17. Kxg2 Rfb8 18. Rb1 Ng6 19. Qa4 Qf5 20. Rb6 h5 21. h3 h4 22. g4 Qe4 23. Rfb1 Nce5 24. Qd1 Nc4 25. Rxb7 Rxb7 26. Rxb7 Nxe3+ 27. fxe3 Qxe3 28. Qf1 Nf4+ 29. Kh2 Re8 30. Ne5 Qg3+ 31. Kh1 f6 32. c6 Nxh3 33. Nd3 Re2 34. Rb8+ Kf7 35. Rb7+ Kg6 36. Qf5+ Kh6 37. Qh5# 1-0

[Event "Titled Tuesday intern op 7th April"]
[Site "Chess.com INT"]
[Date "2020.04.07"]
[Round "8"]
[White "Zhong, Xiao Kang"]
[Black "Pavlidis, Antonios"]
[Result "0-1"]
[WhiteElo "2426"]
[BlackElo "2543"]
[PlyCount "112"]
[EventDate "2020.04.07"]
[EventType "swiss (blitz)"]
[EventRounds "10"]
[EventCountry "USA"]
[SourceTitle "EXT 2021"]
[Source "ChessBase"]
[SourceDate "2020.10.23"]
[SourceVersion "1"]
[SourceVersionDate "2020.10.23"]
[SourceQuality "1"]

1. e4 c5 2. c3 Nf6 3. e5 Nd5 4. d4 cxd4 5. cxd4 e6 6. Nf3 d6 7. Bc4 Be7 8. 0-0 0-0 9. Qe2 b6 10. Nc3 Nxc3 11. bxc3 Bb7 12. Bb3 Nd7 13. exd6 Bxd6 14. Ne5 Bxe5 15. dxe5 Nc5 16. Bc2 Ba6 17. c4 Qd4 18. Be3 Qxc4 19. Qxc4 Bxc4 20. Rfc1 Bd5 21. a4 Nb7 22. Rab1 Rac8 23. Bd1 Na5 24. Bd2 Nc4 25. Bb4 Rfe8 26. f4 Ne3 27. g3 Nxd1 28. Rxc8 Rxc8 29. Rxd1 Rc4 30. Bd6 Rxa4 31. Rc1 h5 32. Rc8+ Kh7 33. Rf8 Kg6 34. Rg8 Ra2 35. Bf8 Kf5 36. Bxg7 Rg2+ 37. Kf1 Rxh2 38. Rc8 Kg4 39. Rc3 b5 40. Bf8 Bf3 41. Bc5 Kxg3 42. Rb3 a6 43. Ra3 Rc2 44. Bf2+ Rxf2+ 45. Ke1 Re2+ 46. Kf1 Rd2 47. Re3 Rd1+ 48. Re1 Rxe1+ 49. Kxe1 h4 50. Kd2 Kxf4 51. Ke1 Ke3 52. Kf1 b4 53. Kg1 b3 54. Kh2 b2 55. Kh3 b1Q 56. Kxh4 Kf4 0-1

[Event "Titled Tuesday intern op1 4th Febr"]
[Site "Chess.com INT"]
[Date "2020.02.04"]
[Round "7"]
[White "Gurevich, Dmitry"]
[Black "Zhong, Xiao Kang"]
[Result "1-0"]
[WhiteElo "2399"]
[BlackElo "2354"]
[PlyCount "111"]
[EventDate "2020.02.04"]
[EventType "swiss (blitz)"]
[EventRounds "10"]
[EventCountry "USA"]
[SourceTitle "EXT 2021"]
[Source "ChessBase"]
[SourceDate "2020.10.23"]
[SourceVersion "1"]
[SourceVersionDate "2020.10.23"]
[SourceQuality "1"]

1. d4 Nf6 2. c4 g6 3. Nc3 d5 4. cxd5 Nxd5 5. Bd2 Bg7 6. Nf3 0-0 7. Rc1 Nb6 8. Bg5 h6 9. Bf4 c6 10. e3 Bg4 11. Be2 Nd5 12. Bg3 Qa5 13. 0-0 Nxc3 14. bxc3 Qxa2 15. Rb1 b6 16. h3 Bf5 17. Ra1 Qb2 18. c4 c5 19. Ne5 Nd7 20. Nc6 Rfe8 21. Bf3 cxd4 22. Nxe7+ Rxe7 23. Bxa8 dxe3 24. fxe3 Qxa1 25. Qxa1 Bxa1 26. Rxa1 Rxe3 27. Bf4 Rc3 28. Bxh6 a5 29. Bd5 Ne5 30. Re1 Nxc4 31. Re7 Be6 32. Bxe6 fxe6 33. Rg7+ Kh8 34. Rc7 e5 35. Bg7+ Kg8 36. Bxe5 Rc1+ 37. Kh2 a4 38. Bd4 b5 39. Rg7+ Kf8 40. Rxg6 a3 41. Ra6 b4 42. Bc5+ Kf7 43. Bxb4 Ra1 44. Rc6 Ne5 45. Rc7+ Ke6 46. Ra7 Nc4 47. h4 Kf5 48. h5 Kg5 49. Rc7 Nb2 50. Rc5+ Kh6 51. Bd2+ Kh7 52. Rc7+ Kh8 53. Bc3+ Kg8 54. h6 a2 55. h7+ Kf8 56. h8R# 1-0

[Event "Titled Tuesday intern op1 4th Febr"]
[Site "Chess.com INT"]
[Date "2020.02.04"]
[Round "4"]
[White "Khachatryan, Anna"]
[Black "Zhong, Xiao Kang"]
[Result "0-1"]
[WhiteElo "2093"]
[BlackElo "2350"]
[PlyCount "50"]
[EventDate "2020.02.04"]
[EventType "swiss (blitz)"]
[EventRounds "10"]
[EventCountry "USA"]
[SourceTitle "EXT 2021"]
[Source "ChessBase"]
[SourceDate "2020.10.23"]
[SourceVersion "1"]
[SourceVersionDate "2020.10.23"]
[SourceQuality "1"]

1. Nf3 Nf6 2. g3 g6 3. Bg2 Bg7 4. 0-0 0-0 5. c4 c5 6. Nc3 Nc6 7. d3 d5 8. cxd5 Nxd5 9. Qa4 Nc7 10. Qh4 Nd4 11. Nxd4 cxd4 12. Ne4 Nd5 13. Bg5 f6 14. Bh6 Bf5 15. Bxg7 Kxg7 16. Rac1 Rc8 17. a3 Rxc1 18. Rxc1 g5 19. Nxg5 fxg5 20. Qxg5+ Kh8 21. Rc5 e6 22. Qh6 Rf6 23. Rxd5 exd5 24. Qg5 Rf8 25. g4 Qxg5 0-1

[Event "Titled Tuesday intern op 6th Aug"]
[Site "Chess.com INT"]
[Date "2019.08.06"]
[Round "4"]
[White "Zhong, Xiao Kang"]
[Black "Chabris, Christopher"]
[Result "0-1"]
[WhiteElo "2350"]
[BlackElo "2137"]
[PlyCount "64"]
[EventDate "2019.08.06"]
[EventType "swiss (blitz)"]
[EventRounds "10"]
[EventCountry "USA"]
[SourceTitle "EXT 2021"]
[Source "ChessBase"]
[SourceDate "2020.10.23"]
[SourceVersion "1"]
[SourceVersionDate "2020.10.23"]
[SourceQuality "1"]

1. e4 e5 2. Nf3 Nc6 3. Bc4 Nf6 4. 0-0 Be7 5. d3 0-0 6. c3 d5 7. exd5 Nxd5 8. Qe2 Nb6 9. Bb3 Bg4 10. h3 Bh5 11. Nbd2 Kh8 12. Ne4 h6 13. Ng3 Bg6 14. Bc2 Bd6 15. Be3 Nd5 16. Rad1 Qe7 17. Ne4 f5 18. Nxd6 cxd6 19. Bb3 Nf6 20. Rfe1 Bh5 21. Qc2 Bxf3 22. gxf3 f4 23. Bc1 Qd7 24. Kh2 Qf5 25. Rg1 Qh5 26. Qe2 Rae8 27. Rg2 d5 28. Rdg1 e4 29. dxe4 dxe4 30. Rxg7 exf3 31. Qc4 Re2 32. Qc5 Qxc5 0-1

[Event "Titled Tuesday intern op 6th Aug"]
[Site "Chess.com INT"]
[Date "2019.08.06"]
[Round "3"]
[White "Zhong, Xiao Kang"]
[Black "Talukdar, Rohan Shyam"]
[Result "0-1"]
[WhiteElo "2361"]
[BlackElo "2399"]
[PlyCount "108"]
[EventDate "2019.08.06"]
[EventType "swiss (blitz)"]
[EventRounds "10"]
[EventCountry "USA"]
[SourceTitle "EXT 2021"]
[Source "ChessBase"]
[SourceDate "2020.10.23"]
[SourceVersion "1"]
[SourceVersionDate "2020.10.23"]
[SourceQuality "1"]

1. e4 c5 2. c3 Nf6 3. e5 Nd5 4. d4 cxd4 5. Nf3 Nc6 6. cxd4 d6 7. exd6 Qxd6 8. Nc3 Bg4 9. Be2 e6 10. 0-0 Be7 11. h3 Bh5 12. Be3 0-0 13. Ne4 Qd7 14. Ne5 Nxe5 15. dxe5 Bxe2 16. Qxe2 Nxe3 17. Qxe3 Rfd8 18. Qg3 Qd4 19. Qf4 Rd5 20. Rfe1 Qxe5 21. Qxe5 Rxe5 22. f4 Rb5 23. b3 Rd8 24. Rac1 Rbd5 25. Rc7 R5d7 26. Rec1 h6 27. Kf2 f5 28. Ng3 Bd6 29. Rxd7 Rxd7 30. Rc8+ Kf7 31. Kf3 Rc7 32. Rd8 Rc3+ 33. Kf2 Bxf4 34. Ne2 Be3+ 35. Ke1 Rc7 36. Rd3 Bb6 37. Kd2 Ke7 38. Nc3 Rd7 39. Rxd7+ Kxd7 40. Kd3 e5 41. Ne2 Ke6 42. g3 g5 43. Nc3 e4+ 44. Ke2 Ke5 45. Nb5 f4 46. gxf4+ gxf4 47. Na3 f3+ 48. Kf1 Kf4 49. Nc4 e3 50. Ke1 Kg3 51. Ne5 Kg2 52. Nd3 f2+ 53. Nxf2 exf2+ 54. Ke2 f1Q+ 0-1

[Event "Titled Tuesday intern op 2nd July"]
[Site "Chess.com INT"]
[Date "2019.07.02"]
[Round "1"]
[White "Zhong, Xiao Kang"]
[Black "Riff, Vincent"]
[Result "0-1"]
[WhiteElo "2249"]
[BlackElo "2401"]
[PlyCount "114"]
[EventDate "2019.07.02"]
[EventType "swiss (blitz)"]
[EventRounds "10"]
[EventCountry "USA"]
[SourceTitle "EXT 2021"]
[Source "ChessBase"]
[SourceDate "2020.10.23"]
[SourceVersion "1"]
[SourceVersionDate "2020.10.23"]
[SourceQuality "1"]

1. e4 c5 2. Nf3 Nc6 3. Bb5 d6 4. 0-0 Bd7 5. Re1 Nf6 6. Bf1 g6 7. c3 Bg7 8. d4 0-0 9. d5 Nb8 10. a4 e5 11. Nbd2 Ne8 12. Nc4 h6 13. Qb3 b6 14. Ncd2 f5 15. a5 bxa5 16. Qb7 Qb6 17. Qxa8 Nc7 18. Nc4 Nxa8 19. Nxb6 axb6 20. Nd2 Bf6 21. Nc4 Be7 22. Bxh6 Rc8 23. Bd2 a4 24. Na3 fxe4 25. c4 Na6 26. Nb5 N6c7 27. Rxa4 Nxb5 28. cxb5 Nc7 29. Ra7 Kf8 30. Rxe4 Bf5 31. Rea4 Nxd5 32. Bc4 Nc7 33. Rb7 d5 34. Bf1 c4 35. Rxb6 Bd7 36. Ra7 Bc5 37. Rbb7 Bxa7 38. Rxa7 Bxb5 39. Rb7 Ke7 40. Ba5 Kd7 41. Bxc7 Bc6 42. Rb8 Rxc7 43. Rg8 Rb7 44. Rxg6 Rxb2 45. Rg7+ Kd6 46. h4 c3 47. Bd3 e4 48. Rg6+ Kc5 49. Bc2 Rxc2 50. h5 Ra2 51. h6 c2 52. Kh2 c1Q 53. h7 Qf4+ 54. Kh3 Bd7+ 55. g4 Rxf2 56. Rc6+ Bxc6 57. h8Q Rh2# 0-1

[Event "Titled Tuesday intern op 4th June"]
[Site "Chess.com INT"]
[Date "2019.06.04"]
[Round "10"]
[White "Zhong, Xiao Kang"]
[Black "Mendoza, Beverly"]
[Result "0-1"]
[WhiteElo "2257"]
[BlackElo "1945"]
[PlyCount "86"]
[EventDate "2019.06.04"]
[EventType "swiss (blitz)"]
[EventRounds "10"]
[EventCountry "USA"]
[SourceTitle "EXT 2021"]
[Source "ChessBase"]
[SourceDate "2020.10.23"]
[SourceVersion "1"]
[SourceVersionDate "2020.10.23"]
[SourceQuality "1"]

1. e4 e6 2. d4 d5 3. Nd2 c5 4. exd5 Qxd5 5. Ngf3 Nf6 6. Bc4 Qd6 7. 0-0 cxd4 8. Nb3 Nc6 9. Nbxd4 Nxd4 10. Nxd4 Qc7 11. Bb5+ Bd7 12. Bxd7+ Qxd7 13. Bf4 Be7 14. c4 0-0 15. Nb5 a6 16. Nc3 Rac8 17. b3 Rfd8 18. Qf3 Qc6 19. Qe2 b5 20. Rac1 bxc4 21. bxc4 Qxc4 22. Qf3 Ba3 23. Rcd1 Rxd1 24. Rxd1 Qxc3 25. Qxc3 Rxc3 26. g4 Nd5 27. Be5 Rc4 28. h3 f6 29. Bg3 Kf7 30. Kg2 Rc2 31. Rd4 Bb4 32. a4 a5 33. g5 Ra2 34. gxf6 gxf6 35. Rh4 Kg7 36. Rg4+ Kh8 37. h4 Rxa4 38. Bd6 Ra2 39. Bxb4 axb4 40. h5 h6 41. Rg6 Kh7 42. Rg4 b3 43. Rc4 b2 0-1